Dhikrá faqīdat al-ʻUrūbah, ḥaḍrat ṣāḥibat al-ʻiṣmah al-sayyidah al-jalīlah Hudá Hānim Shaʻrāwī : majumūʻat al-khuṭab wa-al-qaṣāʼid allatī ulqiyat fī ḥaflat taʼbīnihā bi-Dār al-Ittiḥād al-Nisāʼī al-Miṣrī, masāʼ yawm al-Jumʻah 30 Yanāyir sanat 1948, wa-marāthī al-udabāʼ wa-al-shuʻarāʼ wa-aqwāl al-ṣuḥuf al-maḥallīyah wa-al-khārijīyah.

محفوظ في:

مؤلف مشترك: Dār al-Ittiḥād al-Nisāʼī al-Miṣrī

التنسيق: كتاب

اللغة: Arabic

منشور في: [Cairo : Sharikat Fann Al Tibaah, 1948?].

الموضوعات:

الوسوم: إضافة وسم

لا توجد وسوم, كن أول من يضع وسما على هذه التسجيلة!

رقم الطلب: HQ1793 .S5 D48 1948

LEADER 01760nam a2200253Ia 4500
003 OSt
005 20230730123800.0
008 130303s1948 ua c 010 0dara d
952 |0 0  |1 0  |2 lcc  |4 0  |6 HQ1793 S5 D48 01948  |7 1  |9 49383  |a ARCE  |b ARCE  |d 2023-07-30  |l 0  |o HQ1793 .S5 D48 1948  |p 1030367  |r 2023-07-30 00:00:00  |w 2023-07-30  |y BK 
999 |c 28247  |d 28247 
040 |c ARCE Library 
043 |a f-ua--- 
050 4 |a HQ1793 .S5 D48 1948 
110 2 |6 880-01  |a Dār al-Ittiḥād al-Nisāʼī al-Miṣrī,  
245 1 0 |6 880-02  |a Dhikrá faqīdat al-ʻUrūbah, ḥaḍrat ṣāḥibat al-ʻiṣmah al-sayyidah al-jalīlah Hudá Hānim Shaʻrāwī :   |b majumūʻat al-khuṭab wa-al-qaṣāʼid allatī ulqiyat fī ḥaflat taʼbīnihā bi-Dār al-Ittiḥād al-Nisāʼī al-Miṣrī, masāʼ yawm al-Jumʻah 30 Yanāyir sanat 1948, wa-marāthī al-udabāʼ wa-al-shuʻarāʼ wa-aqwāl al-ṣuḥuf al-maḥallīyah wa-al-khārijīyah. 
264 1 |a [Cairo :  |b Sharikat Fann Al Tibaah,   |c 1948?]. 
300 |a 240 pages :   |b portraits ;   |c 28 cm. 
600 1 0 |a Shaʻrāwī, Hudá,  |d 1879-1947. 
650 0 |a Feminism  |z Egypt. 
651 0 |a Egypt  |v Biography. 
880 2 |6 100-01/(3/r  |a دار الإتحاد النسائي المصري 
880 1 0 |6 245-02/(3/r  |a ذكرى فقيدة العروبة، حضرة صاحبة العصمة السيدة الجليلة هدى هانم شعراوي :   |b مجموعة الخطب و القصايد التي القيت في حفلة تابينها بدار الإتحاد النسائي المصري، مساء يوم الجمعة 30 يناير سنة 1948، و مراثي الأدباء و الشعراء و أقوال الصحف المحلية و الخارجية.‪‪‪‪‪‪‪‪‪‪‪‪‪ 
901 |a reviewed 
942 |c BK  |2 lcc